|
|
|
|
| LEADER |
00723 a2200193 4500 |
| 005 |
20151026133300.0 |
| 008 |
140326b xxu||||| |||| 00| 0 eng d |
| 020 |
|
|
|a 9781107019423
|
| 080 |
|
|
|a 349.6
|b JES
|
| 100 |
|
|
|a Jessup, Brad; ed.,
|e ed.by.
|
| 245 |
|
|
|a Environmental discourses in public and international law
|c ed.by Brad Jessup and Kim Rubenstein
|
| 260 |
|
|
|c 2012
|b Cambridge university press
|a Cambridge
|
| 300 |
|
|
|a xxii, 536p.
|
| 490 |
|
|
|a connecting international law with public law
|
| 653 |
|
|
|a Environmental law
|
| 700 |
|
|
|a Rubenstein, Kim; ed.by.
|
| 942 |
|
|
|c BK
|6 _
|
| 999 |
|
|
|c 67103
|d 67103
|
| 952 |
|
|
|0 0
|1 0
|2 udc
|4 0
|6 3496_JES
|7 0
|9 79360
|a UL
|b UL
|d 2013-12-26
|g 0.00
|o 349.6 JES
|p 00070422
|r 2014-01-17
|v 0.00
|w 2013-12-26
|y BK
|